=LDR 00000nam 2200000 4500 =001 INLIS000000000036780 =005 20130612142540 =008 ***********************************Ind** =035 ##$$0010-061300000036780 =041 ##$$a Ind =082 ##$$a 658.82 =090 ##$$a 658.82, Har k =100 ##$$a Haryadi, Adi =245 ##$$a Kiat membuat promosi penjualan secra efektif dan terencana, langkag praktis mempersiapkan promosi penjualan pada perusahaan jasa, Adi Haryadi =260 ##$$a [S.a] $b Jakarta =300 ##$$a xv, 87 hlm, ilus, 21 cm =650 ##$$a Promosi penjualan =850 ##$$a NBPNMAT